000 00683nam a22002057a 4500
003 0
005 20251114105303.0
008 251114b xxu||||| |||| 00| 0 eng d
020 _a0-375-72578-4
050 _aPS 3555
_b.E34 2001
100 _aEggers, Dave,
_eauthor.
245 _aA Heartbreaking work of staggering genius / mistakes we knew we were making /
_cDave Eggers.
260 _aNew York :
_bSimon & Schuster,
_c2001.
300 _avarious pagination ;
_c21 cm.
600 _aEggers, Dave
_xChildhood and youth.
650 _aAutobiographical writing.
650 _aBrothers
_zUnited States
_xBiography.
650 _aOrphans
_zUnited States
_xBiography.
942 _2lcc
_cBK
999 _c368638
_d368638